Normal view
MARC view
- Sub-Saharan Africa Transport Program (World Bank)
Entry Corporate Name
001 - CONTROL NUMBER
- control field: 38540
003 - CONTROL NUMBER IDENTIFIER
- control field: NUST
005 - DATE AND TIME OF LATEST TRANSACTION
- control field: 20210314130747.0
008 - FIXED-LENGTH DATA ELEMENTS
- fixed length control field: 210314|| aca||aabn | a|a d
040 ## - CATALOGING SOURCE
- Original cataloging agency: NUST
- Transcribing agency: NUST
110 ## - HEADING--CORPORATE NAME
- Corporate name or jurisdiction name as entry element: Sub-Saharan Africa Transport Program (World Bank)
670 ## - SOURCE DATA FOUND
- Source citation: Work cat.: (NUST): Gesellschaft, Carl Duisberg 38537, The Road Maintenance Initiative :, c1991.
